The German inflation reconsidered a preliminary balance /
| Corporate Author: | |
|---|---|
| Other Authors: | , , |
| Format: | Electronic eBook |
| Language: | German English |
| Published: |
Berlin :
Walter de Gruyter,
1982.
|
| Series: | Beitrage zu Inflation und Wiederaufbau in Deutschland und Europa 1914-1924 ;
Bd. 1 Veroffentlichungen der Historischen Kommission zu Berlin beim Friedrich-Meinecke-Institut der Freien Universitat Berlin ; Bd. 54. |
| Subjects: | |
| Online Access: | Click to View |
| LEADER | 01952nam a2200445 a 4500 | ||
|---|---|---|---|
| 001 | EBC3042377 | ||
| 003 | MiAaPQ | ||
| 005 | 20200520144314.0 | ||
| 006 | m o d | | ||
| 007 | cr cn||||||||| | ||
| 008 | 121105s1982 gw ac sb 000 0 ger d | ||
| 020 | |z 3110087219 | ||
| 020 | |z 9783110087215 | ||
| 020 | |a 9783110840247 (electronic bk.) | ||
| 035 | |a (MiAaPQ)EBC3042377 | ||
| 035 | |a (Au-PeEL)EBL3042377 | ||
| 035 | |a (CaPaEBR)ebr10599189 | ||
| 035 | |a (OCoLC)922945212 | ||
| 040 | |a MiAaPQ |c MiAaPQ |d MiAaPQ | ||
| 041 | 0 | |a ger |a eng | |
| 043 | |a e-gx--- | ||
| 050 | 4 | |a HG999 |b .D48 1982 | |
| 245 | 0 | 4 | |a The German inflation reconsidered |h [electronic resource] : |b a preliminary balance / |c edited by Gerald D. Feldman ... [et al.] ; with contributions by Gerald Merkin ... [et al.] ; preface to the series by Otto Busch. |
| 246 | 1 | |i Title also in German: |a Die Deutsche Inflation : |b eine Zwischenbilanz | |
| 260 | |a Berlin : |b Walter de Gruyter, |c 1982. | ||
| 300 | |a xxiv, 431 p. : |b ill., ports. | ||
| 440 | 0 | |a Beitrage zu Inflation und Wiederaufbau in Deutschland und Europa 1914-1924 ; |v Bd. 1 | |
| 490 | 1 | |a Veroffentlichungen der Historischen Kommission zu Berlin ; |v Bd. 54 | |
| 504 | |a Includes bibliographical references. | ||
| 533 | |a Electronic reproduction. Ann Arbor, MI : ProQuest, 2015. Available via World Wide Web. Access may be limited to ProQuest affiliated libraries. | ||
| 546 | |a German and English text. | ||
| 650 | 0 | |a Inflation (Finance) |z Germany |x History. | |
| 651 | 0 | |a Germany |x Economic conditions |y 1918-1945. | |
| 655 | 4 | |a Electronic books. | |
| 700 | 1 | |a Feldman, Gerald D. | |
| 700 | 1 | |a Busch, Otto. | |
| 700 | 1 | |a Merkin, Gerald. | |
| 710 | 2 | |a ProQuest (Firm) | |
| 830 | 0 | |a Veroffentlichungen der Historischen Kommission zu Berlin beim Friedrich-Meinecke-Institut der Freien Universitat Berlin ; |v Bd. 54. | |
| 856 | 4 | 0 | |u https://ebookcentral.proquest.com/lib/matrademy/detail.action?docID=3042377 |z Click to View |


